كيف تكون مديرًا ناجحًا : (رقم التسجيلة. 144855)

تفاصيل مارك
000 -LEADER
fixed length control field 00570nam a22001817a 4500
005 - DATE AND TIME OF LATEST TRANSACTION
control field 20251108175905.0
008 - FIXED-LENGTH DATA ELEMENTS--GENERAL INFORMATION
fixed length control field 250721s2021 xx 000 0 ara d
082 14 - DEWEY DECIMAL CLASSIFICATION NUMBER
Classification number 658.409/طرا
100 1# - MAIN ENTRY--PERSONAL NAME
Personal name الطراونة، حسين أحمد
Relator term مؤلف
245 10 - TITLE STATEMENT
Title كيف تكون مديرًا ناجحًا :
Remainder of title المهارات القيادية /
264 1# - PRODUCTION, PUBLICATION, DISTRIBUTION, MANUFACTURE, AND COPYRIGHT NOTICE
Place of production, publication, distribution, manufacture عمان :
Name of producer, publisher, distributor, manufacturer ابصار ناشرون و موزعون،
Date of production, publication, distribution, manufacture, or copyright notice 2021.
300 ## - PHYSICAL DESCRIPTION
Extent 120ص.
650 17 - SUBJECT ADDED ENTRY--TOPICAL TERM
Topical term or geographic name as entry element الادارة
650 17 - SUBJECT ADDED ENTRY--TOPICAL TERM
Topical term or geographic name as entry element القيادة
650 17 - SUBJECT ADDED ENTRY--TOPICAL TERM
Topical term or geographic name as entry element النجاح
942 ## - ADDED ENTRY ELEMENTS (KOHA)
Source of classification or shelving scheme Dewey Decimal Classification
Koha item type كتب
المقتنيات
حالة السحب حالة الفقدان مصدر التصنيف حالة التلف غير قابل للإعارة المكتبة الرئيسية المكتبة الحالية موقع الرف تاريخ التزويد الرقم المتسلسل Total Checkouts رقم الإستدعاء الباركود تاريخ آخر ظهور تاريخ الفاتورة نوع المادة (كوها)
    Dewey Decimal Classification     المكتبة المركزية المكتبة المركزية الإعارة 28/07/2025 1780849   658.409/طرا PLD00505787 28/07/2025 28/07/2025 كتب
    Dewey Decimal Classification     مكتبة أبو علندا العامة مكتبة أبو علندا العامة الإعارة 11/09/2023 1780857   658.409/طرا PLD00505870 28/07/2025 11/09/2023 كتب
    Dewey Decimal Classification     مكتبة أم قصير والمقابلين العامة مكتبة أم قصير والمقابلين العامة الإعارة 11/09/2023 1780854   658.409/طرا PLD00505867 28/07/2025 11/09/2023 كتب
    Dewey Decimal Classification     مكتبة الأميرة ايمان العامة مكتبة الأميرة ايمان العامة الإعارة 11/09/2023 1780850   658.409/طرا PLD00505863 28/07/2025 11/09/2023 كتب
Withdrawn   Dewey Decimal Classification     مكتبة الاميرة بديعة مكتبة الاميرة بديعة الإعارة 11/09/2023 1780855   658.409/طرا PLD00505868 28/07/2025 11/09/2023 كتب
    Dewey Decimal Classification     مكتبة الجويدة مكتبة الجويدة الإعارة 11/09/2023 1780858   658.409/طرا PLD00505871 28/07/2025 11/09/2023 كتب
    Dewey Decimal Classification     مكتبة الحسن العامة مكتبة الحسن العامة الإعارة 11/09/2023 1780856   658.409/طرا PLD00505869 28/07/2025 11/09/2023 كتب
    Dewey Decimal Classification     مكتبة صويلح العامة مكتبة صويلح العامة الإعارة 11/09/2023 1780852   658.409/طرا PLD00505865 28/07/2025 11/09/2023 كتب
    Dewey Decimal Classification     مكتبة وادي السير العامة مكتبة وادي السير العامة الإعارة 11/09/2023 1780851   658.409/طرا PLD00505864 28/07/2025 11/09/2023 كتب
Implemented & Customized by: BBB with SCIT (Smart Chains for Information Technology)

Powered by Koha